000 00683nam a2200265Ia 4500
005 20260121173647.0
008 008 260114s9999 xx 000 0 eng d
020 _a9783319147352
037 _aEBOOK
040 _aCRL
040 _beng
040 _cCRL
041 _2eng
041 _aeng
084 _qCRL
100 _aKristi L. Santi Deborah K. Reed
_91103614
245 0 _aImproving Reading Comprehension of Middle and High School Students
260 _bSpringer
260 _bSpringer
260 _c2015
856 _uhttps://link.springer.com/openurl?genre=book&isbn=978-3-319-14735-2
942 _cEBOOK
999 _c1669362
_d1669362